[Event "Aragon-chT Preferente Gr-I"]
[Site "Aragon"]
[Date "2020.01.25"]
[Round "1.36"]
[White "Querol Soro, Sergio"]
[Black "Huerva Lacuna, Isidro"]
[Result "1-0"]
[WhiteElo "1870"]
[BlackElo "1600"]
[PlyCount "39"]
[EventDate "2020.01.25"]
[EventType "team-tourn"]
[EventRounds "9"]
[EventCountry "ESP"]
[SourceTitle "EXT 2022"]
[Source "ChessBase"]
[SourceDate "2021.10.06"]
[SourceVersion "1"]
[SourceVersionDate "2021.10.06"]
[SourceQuality "1"]
[WhiteTeam "Las Fuentes"]
[BlackTeam "Jaque II"]
[WhiteTeamCountry "ESP"]
[BlackTeamCountry "ESP"]

1. b4 Nf6 2. Bb2 d5 3. e3 e6 4. a3 a6 5. Nf3 Be7 6. c4 c6 7. Nc3 0-0 8. Be2 Nbd7 9. 0-0 Bd6 10. Rc1 Re8 11. d4 e5 12. dxe5 Nxe5 13. cxd5 Nxf3+ 14. Bxf3 Bf5 15. dxc6 Be4 16. Nxe4 Rxe4 17. Bxf6 Rh4 18. Bxd8 Bxh2+ 19. Kh1 Rh6 20. Bg5 1-0